| 000 | 00986nam a2200265 a 4500 | ||
|---|---|---|---|
| 001 | 000021277 | ||
| 005 | 20240409073639.0 | ||
| 008 | 100903t1967 sp 001 0bspa d | ||
| 040 |
_aDO-SdBNP _bspa _cBNPHU |
||
| 041 | 1 | 7 |
_aspa _heng |
| 082 |
_a923.17293053 _bT866e |
||
| 100 | 1 |
_aEspaillat Rodríguez, Arturo R. _944459 |
|
| 240 | 1 | 0 |
_aTrujillo : the last Caesar, _linglés |
| 245 | 1 | 0 |
_aTrujillo : _banatomía de un dictador / _cGeneral Arturo Espaillat ; traducción José Luís Lana. |
| 260 |
_aBarcelona : _bEdiciones de Cultura Popular, _c1967. |
||
| 300 |
_a203 p. ; _c21 cm. |
||
| 490 | 0 | _aPapeles sociales | |
| 500 | _aIncluye datos biográficos del autor. | ||
| 600 | 1 | 0 |
_aTrujillo Molina, Rafael Leónidas, _d 1891-1961 _976764 |
| 651 | 4 |
_aRepública Dominicana _xPolítica Y Gobierno _yERA DE TRUJILLO, 1930-1961 _91374 |
|
| 700 | 1 |
_aLana, José Luís, _etr. _944460 |
|
| 830 | 0 |
_aPapeles sociales _944461 |
|
| 910 | _aValidado. Control de calidad EMS. | ||
| 049 | _aBNPD | ||
| 999 |
_c20777 _d20777 |
||